Phương pháp tự cai nghiện
Hướng dẫn phương pháp tự cai nghiện thuốc lá, tự cai nghiện ma tuý và tự cai nghiện rượu
Сохранить в:
| Главный автор: | |
|---|---|
| Формат: | |
| Язык: | Undetermined |
| Опубликовано: |
Hà Nội
Thanh Niên
2005
|
| Предметы: | |
| Метки: |
Добавить метку
Нет меток, Требуется 1-ая метка записи!
|
| Thư viện lưu trữ: | Trung tâm Học liệu Trường Đại học Cần Thơ |
|---|
| LEADER | 00663nam a2200205Ia 4500 | ||
|---|---|---|---|
| 001 | CTU_95799 | ||
| 008 | 210402s9999 xx 000 0 und d | ||
| 020 | |c 22000 | ||
| 082 | |a 613.8 | ||
| 082 | |b K310 | ||
| 100 | |a Kim Anh | ||
| 245 | 0 | |a Phương pháp tự cai nghiện | |
| 245 | 0 | |c Kim Anh | |
| 260 | |a Hà Nội | ||
| 260 | |b Thanh Niên | ||
| 260 | |c 2005 | ||
| 520 | |a Hướng dẫn phương pháp tự cai nghiện thuốc lá, tự cai nghiện ma tuý và tự cai nghiện rượu | ||
| 650 | |a Smoking,Alcoholism,Public health | ||
| 904 | |i Minh | ||
| 980 | |a Trung tâm Học liệu Trường Đại học Cần Thơ | ||